|
|
|
|
| LEADER |
02135nam a2200457 a 4500 |
| 001 |
EBC3384099 |
| 003 |
MiAaPQ |
| 005 |
20200520144314.0 |
| 006 |
m o d | |
| 007 |
cr cn||||||||| |
| 008 |
110202s2010 enka sb 001 0deng d |
| 010 |
|
|
|z 2011535572
|
| 020 |
|
|
|z 9781906924300 (pbk.)
|
| 020 |
|
|
|z 1906924309
|
| 020 |
|
|
|z 9781906924317 (hardback)
|
| 020 |
|
|
|a 9781906924324 (electronic bk.)
|
| 035 |
|
|
|a (MiAaPQ)EBC3384099
|
| 035 |
|
|
|a (Au-PeEL)EBL3384099
|
| 035 |
|
|
|a (CaPaEBR)ebr10715014
|
| 035 |
|
|
|a (OCoLC)847609650
|
| 040 |
|
|
|a MiAaPQ
|c MiAaPQ
|d MiAaPQ
|
| 050 |
|
4 |
|a PR5438
|b .M78 2010
|
| 082 |
0 |
4 |
|a 822.709
|2 22
|
| 100 |
1 |
|
|a Mulhallen, Jacqueline.
|
| 245 |
1 |
4 |
|a The theatre of Shelley
|h [electronic resource] /
|c Jacqueline Mulhallen.
|
| 260 |
|
|
|a Cambridge [England] :
|b Open Book Publishers,
|c 2010.
|
| 300 |
|
|
|a xvi, 289 p. :
|b ill.
|
| 500 |
|
|
|a Based on the author's thesis (Ph.D., Anglia Ruskin University).
|
| 500 |
|
|
|a "This is the first full-length study of Shelley's plays in performance. It offers a rich, meticulously researched history of Shelley's role as a playwright and dramatist and a reassessment of his "closet dramas" as performable pieces of theatre"-Publisher's website.
|
| 504 |
|
|
|a Includes bibliographical references (p. [259]-274) and index.
|
| 533 |
|
|
|a Electronic reproduction. Ann Arbor, MI : ProQuest, 2015. Available via World Wide Web. Access may be limited to ProQuest affiliated libraries.
|
| 600 |
1 |
0 |
|a Shelley, Percy Bysshe,
|d 1792-1822
|x Dramatic works
|x Criticism and interpretation.
|
| 600 |
1 |
0 |
|a Shelley, Percy Bysshe,
|d 1792-1822.
|t Cenci.
|
| 600 |
1 |
0 |
|a Shelley, Percy Bysshe,
|d 1792-1822.
|t Charles the First.
|
| 600 |
1 |
0 |
|a Shelley, Percy Bysshe,
|d 1792-1822.
|t Prometheus unbound.
|
| 600 |
1 |
0 |
|a Shelley, Percy Bysshe,
|d 1792-1822.
|t Hellas.
|
| 600 |
1 |
0 |
|a Shelley, Percy Bysshe,
|d 1792-1822.
|t Swellfoot the Tyrant.
|
| 650 |
|
0 |
|a English drama
|y 19th century
|x History and criticism.
|
| 655 |
|
4 |
|a Electronic books.
|
| 710 |
2 |
|
|a ProQuest (Firm)
|
| 856 |
4 |
0 |
|u https://ebookcentral.proquest.com/lib/matrademy/detail.action?docID=3384099
|z Click to View
|